Statistics for Melbourne Tram Depots

Click here to take the quiz!

General Stats

  • This quiz has been taken 98 times
  • The average score is 4 of 8

Answer Stats

HintAnswer% Correct
Kew
77%
Camberwell
61%
Malvern
60%
Brunswick
57%
Essendon
55%
Southbank
45%
Glenhuntly
40%
East Preston
17%

Score Distribution

Percentile by Number Answered

Percent of People with Each Score

Your Score History

You have not taken this quiz